Frank Capra : (Record no. 110504)

MARC details
000 -LEADER
campo de control de longitud fija 01099cam a2200301Mi 4500
001 - NÚMERO DE CONTROL
campo de control 50701
005 - FECHA Y HORA DE LA ÚLTIMA TRANSACCIÓN
campo de control 20230411090004.0
008 - DATOS DE LONGITUD FIJA--INFORMACIÓN GENERAL
campo de control de longitud fija 991124s2007 sp 000 0 spa d
035 ## - NÚMERO DE CONTROL DEL SISTEMA
Número de control de sistema (OCoLC)ocm42891402
040 ## - FUENTE DE CATALOGACIÓN
Centro catalogador/agencia de origen PL#
Lengua de catalogación spa
Centro/agencia transcriptor PL#
Centro/agencia modificador OCL
-- BAKER
-- OCLCQ
020 ## - NÚMERO INTERNACIONAL ESTÁNDAR DEL LIBRO
Número Internacional Estándar del Libro 8493006572
020 ## - NÚMERO INTERNACIONAL ESTÁNDAR DEL LIBRO
Número Internacional Estándar del Libro 9788493006570
029 0# - OTRO NÚMERO DE CONTROL DE SISTEMA (OCLC)
Identificador de la biblioteca OCLC PL#
Número de control de sistema 8493006572
035 ## - NÚMERO DE CONTROL DEL SISTEMA
Número de control de sistema (OCoLC)42891402
049 ## - FONDOS LOCALES (OCLC)
Biblioteca depositaria GRAL
100 1# - ENTRADA PRINCIPAL--NOMBRE DE PERSONA
Nombre de persona Capra, Frank,
Fechas asociadas al nombre 1897-1991.
245 10 - MENCIÓN DEL TÍTULO
Título Frank Capra :
Resto del título el nombre delante del título : autobiografía /
Mención de responsabilidad, etc. [prólogo de John Ford].
260 ## - PUBLICACIÓN, DISTRIBUCIÓN, ETC.
Lugar de publicación, distribución, etc. [Madrid, España] :
Nombre del editor, distribuidor, etc. T & B Editores,
Fecha de publicación, distribución, etc. 2007
300 ## - DESCRIPCIÓN FÍSICA
Extensión 518 p. :
Otras características físicas il. ;
Dimensiones 24 cm.
500 ## - NOTA GENERAL
Nota general Título original: Frank Capra : the name above the tittle.-- Indice onomástico.-- 16 p. de láminas.
653 ## - TÉRMINO DE INDIZACIÓN--NO CONTROLADO
Término no controlado Capra, Frank (1897-1991)
-- Biografía.
653 ## - TÉRMINO DE INDIZACIÓN--NO CONTROLADO
Término no controlado Películas cinematográficas
-- Producción y dirección.
700 1# - ENTRADA AGREGADA--NOMBRE PERSONAL
Nombre de persona Ford, John,
Término indicativo de función/relación pról.
938 ## -
-- Puvill Libros
-- PUVL
-- 8493006572
-- $28.66
938 ## -
-- Baker & Taylor
-- BKTY
-- 21.95
-- 21.95
-- 8493006572
-- 0006628196
-- active
942 ## - ELEMENTOS DE ENTRADA SECUNDARIOS (KOHA)
Fuente del sistema de clasificación o colocación Clasificación de Library of Congress
Tipo de ítem Koha
994 ## -
-- C0
-- DRFGD
Holdings
Estatus retirado Estado de pérdida Fuente del sistema de clasificación o colocación Estado de daño No para préstamo Colección Biblioteca de origen Biblioteca actual Ubicación en estantería Fecha de adquisición Código de barras Visto por última vez Copia número Tipo de ítem Koha
    Clasificación de Library of Congress     Automatización y Procesos Técnicos Biblioteca Juan Bosch Biblioteca Juan Bosch Automatización y Procesos Técnicos (1er. Piso) 11/04/2023 00000052214 17/02/2019 1